[Event "4NCL"]
[Site "De Vere, Staverton Park, ENG"]
[Date "2011.11.13"]
[Round "225.2"]
[White "Dineley, Richard DP"]
[Black "Roberson, Peter T"]
[Result "0-1"]
[WhiteElo "2264"]
[BlackElo "2283"]
[PlyCount "58"]
[EventDate "2011.??.??"]
[WhiteTeam "South Wales Dragons"]
[BlackTeam "Sambuca Sharks"]

1. e4 e6 2. d4 d5 3. Nd2 Be7 4. Ngf3 Nf6 5. Bd3 c5 6. dxc5 dxe4 7. Nxe4 Nxe4 8.
Bxe4 Qxd1+ 9. Kxd1 Bxc5 10. Ke2 Nd7 11. c3 Nf6 12. Bd3 b6 13. Ne5 Bb7 14. f3
Ke7 15. a4 Bd6 16. Nc4 Bc7 17. Bg5 Rhd8 18. Ne3 h6 19. Bh4 Rac8 20. Bb5 a6 21.
Bd3 g5 22. Bg3 Nh5 23. Bxc7 Rxc7 24. Bc2 Nf4+ 25. Ke1 Rcd7 26. Rf1 Rd2 27. Rf2
Rxf2 28. Kxf2 Rd2+ 29. Kf1 Nxg2 0-1

[Event "4NCL"]
[Site "De Vere, Staverton Park, ENG"]
[Date "2011.11.13"]
[Round "225.3"]
[White "Tavoularis, Nicholas"]
[Black "Zeidler, Sven P"]
[Result "0-1"]
[WhiteElo "2143"]
[BlackElo "2274"]
[PlyCount "79"]
[EventDate "2011.??.??"]
[WhiteTeam "Sambuca Sharks"]
[BlackTeam "South Wales Dragons"]

1. d4 f5 2. Nf3 Nf6 3. Bg5 Ne4 4. Bf4 c5 5. e3 cxd4 6. exd4 Qb6 7. Qc1 d6 8.
Bd3 e5 9. Be3 Qa5+ 10. c3 Nf6 11. b4 Qd5 12. Na3 f4 13. Bxf4 exf4 14. O-O Bg4
15. Qxf4 Nc6 16. Ng5 Ne7 17. c4 Qc6 18. c5 Ned5 19. Rfe1+ Be7 20. Qg3 O-O 21.
Nxh7 Nxh7 22. Qxg4 dxc5 23. bxc5 Rf4 24. Qd1 Nhf6 25. Nc4 Ng4 26. f3 Bf6 27.
Be4 Qd7 28. fxg4 Nc3 29. Qd3 Qxd4+ 30. Kh1 Rxe4 31. Qxd4 Bxd4 32. Nd6 Rxe1+ 33.
Rxe1 Bxc5 34. Nxb7 Bb6 35. Nd6 Rd8 36. Nf5 Rd1 37. Rxd1 Nxd1 38. Nd6 Nc3 39. a3
Nb1 40. Nc4 0-1

[Event "4NCL"]
[Site "De Vere, Staverton Park, ENG"]
[Date "2011.11.13"]
[Round "225.4"]
[White "Redmond, John P"]
[Black "Murphy, Hugh W"]
[Result "1-0"]
[WhiteElo "2246"]
[BlackElo "2217"]
[PlyCount "55"]
[EventDate "2011.??.??"]
[WhiteTeam "South Wales Dragons"]
[BlackTeam "Sambuca Sharks"]

1. c4 e6 2. g3 d5 3. Bg2 Nf6 4. Nf3 Be7 5. O-O O-O 6. d4 Nbd7 7. b3 c6 8. Nbd2
b6 9. Qc2 Bb7 10. Bb2 Rc8 11. e4 Qc7 12. Rfe1 Rfd8 13. Rac1 Qb8 14. h4 Bf8 15.
e5 Ne8 16. Ng5 g6 17. h5 Bh6 18. Ndf3 c5 19. hxg6 hxg6 20. Nxe6 Bxc1 21. Bxc1
cxd4 22. Nxd8 Rxd8 23. e6 d3 24. Qxd3 Nc5 25. exf7+ Kxf7 26. Ng5+ Kg7 27. Re7+
Kf8 28. Rf7+ 1-0

[Event "4NCL"]
[Site "De Vere, Staverton Park, ENG"]
[Date "2011.11.13"]
[Round "225.5"]
[White "MacQueen, Calum"]
[Black "James, David J"]
[Result "1/2-1/2"]
[WhiteElo "2219"]
[BlackElo "2153"]
[PlyCount "81"]
[EventDate "2011.??.??"]
[WhiteTeam "Sambuca Sharks"]
[BlackTeam "South Wales Dragons"]

1. d4 Nf6 2. c4 e6 3. g3 d5 4. Nf3 Bb4+ 5. Bd2 Be7 6. Bg2 O-O 7. Qc2 c6 8. O-O
Nbd7 9. Rd1 b6 10. Bf4 Bb7 11. Nc3 Nh5 12. Bc1 f5 13. Rb1 a6 14. b4 b5 15. cxd5
cxd5 16. a4 Qb6 17. Bd2 Rfc8 18. Qd3 Rc4 19. a5 Qd8 20. Na2 Nhf6 21. Ng5 Nf8
22. Nh3 h6 23. e3 g5 24. Nc1 Qe8 25. Qe2 Bd6 26. Nd3 Rc7 27. Rbc1 Rxc1 28. Rxc1
Rc8 29. f4 Rxc1+ 30. Bxc1 g4 31. Nhf2 Qe7 32. Nc5 Bc8 33. Nfd3 Ne4 34. Qc2 Qc7
35. Ne5 h5 36. Bd2 Kg7 37. Be1 Ng6 38. Bf1 Nxe5 39. fxe5 Bxc5 40. bxc5 Bd7 41.
Bd3 1/2-1/2

[Event "4NCL"]
[Site "De Vere, Staverton Park, ENG"]
[Date "2011.11.13"]
[Round "225.6"]
[White "Morris, Charles F"]
[Black "Cairns, Stephen"]
[Result "1-0"]
[WhiteElo "2148"]
[BlackElo "2109"]
[PlyCount "74"]
[EventDate "2011.??.??"]
[WhiteTeam "South Wales Dragons"]
[BlackTeam "Sambuca Sharks"]

1. Nf3 d5 2. d4 Nf6 3. e3 c6 4. c4 e6 5. Nc3 Nbd7 6. cxd5 exd5 7. Bd3 Bd6 8.
Qc2 O-O 9. O-O h6 10. h3 b6 11. e4 dxe4 12. Nxe4 Nxe4 13. Bxe4 Bb7 14. Bxc6 Rc8
15. d5 Bxc6 16. dxc6 Ne5 17. Nxe5 Bxe5 18. Be3 Qf6 19. Qa4 Rxc6 20. Qxa7 Qf5
21. Rad1 Rg6 22. Kh1 Qe4 23. Rg1 Bb8 24. Qa3 Qe5 25. f4 Qh5 26. Bc1 Qh4 27. Rd3
Bxf4 28. Rd4 Rf6 29. Qb4 g5 30. Bxf4 gxf4 31. Rf1 Rc8 32. Rdxf4 Rxf4 33. Rxf4
Qh5 34. Rg4+ Kh7 35. Qe4+ Qg6 36. Rxg6 Rc1+ 37. Kh2 fxg6 1-0

[Event "4NCL"]
[Site "De Vere, Staverton Park, ENG"]
[Date "2011.11.13"]
[Round "225.7"]
[White "Purton, Ben J"]
[Black "Jameson, David"]
[Result "0-1"]
[WhiteElo "2145"]
[BlackElo "2077"]
[PlyCount "48"]
[EventDate "2011.??.??"]
[WhiteTeam "Sambuca Sharks"]
[BlackTeam "South Wales Dragons"]

1. e4 e5 2. Nf3 Nc6 3. Bc4 Bc5 4. b4 Bxb4 5. c3 Ba5 6. O-O Nf6 7. d4 exd4 8. e5
d5 9. exf6 dxc4 10. Re1+ Be6 11. fxg7 Rg8 12. Ng5 Rxg7 13. Qh5 Kd7 14. Qh6 Qg8
15. g3 Rg6 16. Qh4 Re8 17. Rd1 Kc8 18. cxd4 Bd5 19. Be3 Rxe3 20. fxe3 Rxg5 21.
Na3 Qg6 22. Qf4 Rg4 23. Qf2 Qe4 24. Kf1 Rg5 0-1

[Event "4NCL"]
[Site "De Vere, Staverton Park, ENG"]
[Date "2011.11.13"]
[Round "226.1"]
[White "Jones, Richard S"]
[Black "Clarke, Brandon GI"]
[Result "1-0"]
[WhiteElo "2392"]
[BlackElo "2140"]
[PlyCount "95"]
[EventDate "2011.??.??"]
[WhiteTeam "Rhyfelwyr Essyllwg"]
[BlackTeam "Warwickshire Select 1"]

1. e4 e6 2. d4 d5 3. Nc3 Nf6 4. e5 Nfd7 5. f4 c5 6. Nf3 Qb6 7. Ne2 cxd4 8.
Nexd4 Nc6 9. c3 Bc5 10. b4 Nxd4 11. Nxd4 Bxd4 12. Qxd4 f6 13. Qxb6 Nxb6 14.
exf6 gxf6 15. Be3 Bd7 16. Bd4 O-O 17. O-O-O Rac8 18. Be2 Na4 19. Rd3 Be8 20.
Bg4 Rc6 21. Re1 Bg6 22. Rg3 Kf7 23. b5 Rd6 24. Bd1 Nb6 25. Bc5 Nc4 26. Bxd6
Nxd6 27. a4 Rc8 28. Bb3 Ne4 29. Rge3 Nxc3 30. Kb2 Ne4 31. g4 f5 32. g5 b6 33.
Rc1 Nc5 34. a5 Rd8 35. axb6 axb6 36. Ra1 Rd7 37. Bd1 Ke7 38. h4 Be8 39. Rea3 d4
40. h5 Rd5 41. Bf3 Ne4 42. g6 h6 43. Ra7+ Kf8 44. Ra8 Rxb5+ 45. Kc2 Rc5+ 46.
Kd1 Nd6 47. R1a7 Rc3 48. Rd8 1-0

[Event "4NCL"]
[Site "De Vere, Staverton Park, ENG"]
[Date "2011.11.13"]
[Round "226.2"]
[White "Pitcher, John"]
[Black "Brown, Tom"]
[Result "1-0"]
[WhiteElo "2205"]
[BlackElo "2094"]
[PlyCount "71"]
[EventDate "2011.??.??"]
[WhiteTeam "Warwickshire Select 1"]
[BlackTeam "Rhyfelwyr Essyllwg"]

1. e4 c6 2. d4 d5 3. e5 Bf5 4. Nf3 e6 5. Be2 c5 6. O-O Nc6 7. Be3 cxd4 8. Nxd4
Nge7 9. c4 Nxd4 10. Bxd4 Nc6 11. cxd5 Qxd5 12. Bf3 Be4 13. Bxe4 Qxe4 14. Bc3
Rd8 15. Nd2 Qd5 16. Qg4 h5 17. Qf4 Be7 18. Nf3 Rh6 19. h3 b5 20. Rfd1 Qxd1+ 21.
Rxd1 Rxd1+ 22. Kh2 Rd5 23. a3 f6 24. Qc1 Nxe5 25. Bxe5 fxe5 26. Nd2 Rf6 27. Ne4
Rf4 28. Qc6+ Kf7 29. f3 Rf5 30. Qc7 Kf8 31. Qb8+ Rd8 32. Qxb5 Bg5 33. Qc6 h4
34. Qc5+ Kg8 35. Nxg5 Rxg5 36. Qe7 1-0

[Event "4NCL"]
[Site "De Vere, Staverton Park, ENG"]
[Date "2011.11.13"]
[Round "226.3"]
[White "Morris, Gareth L"]
[Black "Mason, Donald J"]
[Result "0-1"]
[WhiteElo "2105"]
[BlackElo "2227"]
[PlyCount "62"]
[EventDate "2011.??.??"]
[WhiteTeam "Rhyfelwyr Essyllwg"]
[BlackTeam "Warwickshire Select 1"]

1. d4 Nf6 2. c4 e6 3. Nf3 d5 4. Nc3 c6 5. e3 Nbd7 6. Qc2 Bd6 7. Be2 O-O 8. O-O
dxc4 9. Bxc4 b5 10. Be2 Bb7 11. Rd1 Qb8 12. e4 e5 13. h3 Rc8 14. Bg5 b4 15.
dxe5 Bxe5 16. Na4 c5 17. Nd2 Bh2+ 18. Kh1 Bf4 19. Bh4 g5 20. e5 Qxe5 21. Nf3
Bxf3 22. Bxf3 gxh4 23. Re1 Qg5 24. Bxa8 Rxa8 25. Rad1 Kh8 26. Qc4 Rg8 27. Rg1
Ne5 28. Qxc5 Ne4 29. Qd4 Ng3+ 30. fxg3 Qxg3 31. Qxf4 Qxf4 0-1

[Event "4NCL"]
[Site "De Vere, Staverton Park, ENG"]
[Date "2011.11.13"]
[Round "226.4"]
[White "Stepanyan, Henrik"]
[Black "Spice, Alan P"]
[Result "0-1"]
[WhiteElo "1956"]
[BlackElo "2125"]
[PlyCount "55"]
[EventDate "2011.??.??"]
[WhiteTeam "Warwickshire Select 1"]
[BlackTeam "Rhyfelwyr Essyllwg"]

1. c4 e6 2. Nc3 d5 3. d4 Nf6 4. Nf3 Be7 5. Bf4 c6 6. e3 O-O 7. Bd3 Nbd7 8. O-O
dxc4 9. Bxc4 b5 10. Bd3 b4 11. Ne2 c5 12. Ne5 Bb7 13. Rc1 cxd4 14. Nxd7 Nxd7
15. Bc7 Qe8 16. Bb5 a6 17. Ba4 d3 18. Nf4 Bf6 19. Nxd3 Qe7 20. Nf4 Rfd8 21. Bd6
Qe8 22. Qh5 Bc8 23. Nd3 a5 24. Nc5 Bxb2 25. Qf3 Rb8 26. Rcd1 b3 27. axb3 Ba3
28. Nxd7 0-1

[Event "4NCL"]
[Site "De Vere, Staverton Park, ENG"]
[Date "2011.11.13"]
[Round "226.5"]
[White "Trevelyan, John"]
[Black "Page, Mark E"]
[Result "0-1"]
[WhiteElo "2120"]
[BlackElo "2023"]
[PlyCount "112"]
[EventDate "2011.??.??"]
[WhiteTeam "Rhyfelwyr Essyllwg"]
[BlackTeam "Warwickshire Select 1"]

1. d4 Nf6 2. c4 g6 3. Nc3 Bg7 4. e4 d6 5. Be2 O-O 6. Nf3 Na6 7. O-O e5 8. dxe5
dxe5 9. Qxd8 Rxd8 10. Bg5 Re8 11. Nd2 h6 12. Bh4 c6 13. a3 Nc5 14. f3 Ne6 15.
Rfd1 Nd4 16. Bf2 Be6 17. Bxd4 exd4 18. Na2 Nd7 19. Rab1 a5 20. Nc1 a4 21. Nd3
Ne5 22. Nxe5 Bxe5 23. Bd3 Kg7 24. g3 g5 25. Rbc1 c5 26. Rc2 f6 27. Nf1 h5 28.
Rf2 b5 29. Nd2 b4 30. f4 Bc7 31. f5 Bd7 32. Kg2 Rab8 33. Rb1 Bc6 34. h3 Ba5 35.
axb4 Rxb4 36. b3 Rbb8 37. bxa4 Rxb1 38. Bxb1 Bxa4 39. Nf3 Bb3 40. Bd3 Bc3 41.
e5 Bd1 42. exf6+ Kxf6 43. Nd2 Bxd2 44. Rxd2 Ba4 45. Ra2 Bc6+ 46. Kf2 Ra8 47.
Rb2 Ra6 48. Be2 h4 49. gxh4 gxh4 50. Bg4 Be4 51. Rb8 Kg5 52. Rb5 Ra2+ 53. Ke1
Kf4 54. f6 Ke3 55. Rxc5 Ra1+ 56. Bd1 d3 0-1

[Event "4NCL"]
[Site "De Vere, Staverton Park, ENG"]
[Date "2011.11.13"]
[Round "226.6"]
[White "Fallowfield, Jeremy R"]
[Black "Garcia, Jason"]
[Result "1/2-1/2"]
[WhiteElo "2026"]
[BlackElo "2013"]
[PlyCount "53"]
[EventDate "2011.??.??"]
[WhiteTeam "Warwickshire Select 1"]
[BlackTeam "Rhyfelwyr Essyllwg"]

1. e4 Nf6 2. Nc3 d5 3. e5 Nfd7 4. d4 e6 5. f4 c5 6. Nf3 Nc6 7. Be3 a6 8. Qd2 b5
9. a3 Qb6 10. Ne2 cxd4 11. Nexd4 Nc5 12. Bd3 Qc7 13. O-O Bb7 14. Kh1 Be7 15.
Qf2 Nxd4 16. Bxd4 g6 17. Rae1 Rc8 18. Qe3 b4 19. axb4 Nxd3 20. cxd3 Bxb4 21.
Rc1 Qe7 22. Rxc8+ Bxc8 23. Rc1 O-O 24. Bc5 Bxc5 25. Qxc5 Qb7 26. b4 Bd7 27. Qe7
1/2-1/2

[Event "4NCL"]
[Site "De Vere, Staverton Park, ENG"]
[Date "2011.11.13"]
[Round "226.7"]
[White "Blackburn, Suzy G"]
[Black "Webster, Paul"]
[Result "1-0"]
[WhiteElo "1945"]
[BlackElo "2015"]
[PlyCount "73"]
[EventDate "2011.??.??"]
[WhiteTeam "Rhyfelwyr Essyllwg"]
[BlackTeam "Warwickshire Select 1"]

1. d4 d5 2. Nf3 Nf6 3. Bg5 h6 4. Bh4 Nbd7 5. e3 g5 6. Bg3 Ne4 7. Bd3 Nxg3 8.
hxg3 Bg7 9. Nbd2 e5 10. dxe5 Nxe5 11. Nxe5 Bxe5 12. c3 Qd6 13. e4 Be6 14. exd5
Qxd5 15. Be4 Qb5 16. Qc2 O-O-O 17. a4 Qd7 18. O-O-O Bd6 19. Nf3 f5 20. Bd3 c5
21. Bb5 Qf7 22. Nd2 Bc7 23. Rde1 Kb8 24. Be2 g4 25. b3 f4 26. Kb2 fxg3 27. fxg3
Bxg3 28. Ref1 Qd7 29. Ne4 Qc7 30. Rf6 Bd5 31. Bxg4 Qe5 32. Bf3 Rhe8 33. Rg6 Bf4
34. Rd1 Bc6 35. Nd6 Bxf3 36. gxf3 Re6 37. Nf7 1-0

[Event "4NCL"]
[Site "De Vere, Staverton Park, ENG"]
[Date "2011.11.13"]
[Round "226.8"]
[White "Ingram, Keith R"]
[Black "Reid, Vaness"]
[Result "1-0"]
[WhiteElo "2037"]
[BlackElo "1837"]
[PlyCount "77"]
[EventDate "2011.??.??"]
[WhiteTeam "Warwickshire Select 1"]
[BlackTeam "Rhyfelwyr Essyllwg"]

1. e4 e6 2. d4 d5 3. Nc3 Nf6 4. Bg5 Be7 5. e5 Nfd7 6. Bxe7 Qxe7 7. f4 Nb6 8.
Nf3 Bd7 9. Bd3 Nc6 10. O-O O-O-O 11. a3 h6 12. Qd2 Rdg8 13. b4 Kb8 14. b5 Na5
15. Nxd5 Nxd5 16. Qxa5 Nxf4 17. Qd2 g5 18. c4 h5 19. c5 h4 20. Rfc1 h3 21. g3
Nd5 22. Qe1 g4 23. Nd2 f5 24. c6 Bc8 25. Bc4 Qd8 26. Qf2 f4 27. Ne4 Rf8 28. Qd2
fxg3 29. Nxg3 Rf3 30. Rf1 Rhf8 31. Be2 Rxf1+ 32. Bxf1 Qh4 33. Be2 Ne7 34. a4
bxc6 35. bxc6 Nxc6 36. Rb1+ Ka8 37. Qc3 Bb7 38. Rxb7 Kxb7 39. Ba6+ 1-0

[Event "4NCL"]
[Site "De Vere, Staverton Park, ENG"]
[Date "2011.11.13"]
[Round "227.1"]
[White "James, Dale R"]
[Black "Carleton, John J"]
[Result "1-0"]
[WhiteElo "2194"]
[BlackElo "2293"]
[PlyCount "71"]
[EventDate "2011.??.??"]
[WhiteTeam "3Cs 1"]
[BlackTeam "Spirit of Atticus"]

1. e4 Nf6 2. Nc3 d5 3. e5 Nfd7 4. f4 e6 5. Nf3 c5 6. g3 Nc6 7. Bh3 Be7 8. d3 b5
9. O-O b4 10. Ne2 g6 11. a3 Qb6 12. axb4 cxb4+ 13. d4 a5 14. b3 Ba6 15. Be3 Na7
16. Rf2 Nb5 17. Bg2 Rc8 18. g4 h5 19. h3 hxg4 20. hxg4 f5 21. exf6 Bxf6 22. Qd2
Na3 23. Rc1 a4 24. f5 gxf5 25. gxf5 exf5 26. Ng3 Nb5 27. Nxf5 Nc3 28. Ng5 Rc6
29. Re1 a3 30. Bf4+ Kf8 31. Qe3 Ne4 32. Nxe4 dxe4 33. Qxe4 Rc8 34. Bd6+ Kf7 35.
Qe6+ Kg6 36. Ne7+ 1-0

[Event "4NCL"]
[Site "De Vere, Staverton Park, ENG"]
[Date "2011.11.13"]
[Round "227.2"]
[White "Smith, Andrew P"]
[Black "Jaunooby, Ali Reza"]
[Result "0-1"]
[WhiteElo "2167"]
[BlackElo "2144"]
[PlyCount "80"]
[EventDate "2011.??.??"]
[WhiteTeam "Spirit of Atticus"]
[BlackTeam "3Cs 1"]

1. e4 d5 2. exd5 Nf6 3. h3 Nxd5 4. d4 g6 5. Nf3 Bg7 6. c4 Nb6 7. Nc3 O-O 8. Be2
Nc6 9. Be3 e5 10. d5 Ne7 11. O-O c6 12. d6 Nf5 13. c5 Nd7 14. Ne4 Nxe3 15. fxe3
Bh6 16. Qb3 b6 17. Rad1 Kh8 18. Qc3 f5 19. Nf2 bxc5 20. e4 Bg7 21. Nd2 Qb6 22.
Nc4 Qb4 23. Qe3 Rb8 24. b3 Rd8 25. exf5 gxf5 26. Qg5 Rf8 27. Nd3 Qc3 28. Rxf5
e4 29. Rxf8+ Nxf8 30. Nde5 Be6 31. d7 Nxd7 32. Nxd7 Bd4+ 33. Kh1 Bxd7 34. Nd6
Be6 35. Qe7 Bd5 36. Rf1 Rg8 37. Nxe4 Qe3 38. Bf3 Qf4 39. Re1 Be5 40. Ng3 Bd6
0-1

[Event "4NCL"]
[Site "De Vere, Staverton Park, ENG"]
[Date "2011.11.13"]
[Round "227.3"]
[White "Walton, Alan J"]
[Black "Jackson, Sheila"]
[Result "1/2-1/2"]
[WhiteElo "2161"]
[BlackElo "2162"]
[PlyCount "64"]
[EventDate "2011.??.??"]
[WhiteTeam "3Cs 1"]
[BlackTeam "Spirit of Atticus"]

1. d4 Nf6 2. Bg5 Ne4 3. Bf4 c5 4. f3 Qa5+ 5. c3 Nf6 6. Nd2 cxd4 7. Nb3 Qf5 8.
Bxb8 Rxb8 9. Qxd4 b6 10. e4 Qf4 11. Ne2 Qc7 12. Ng3 e6 13. Be2 Bd6 14. Kf2 h5
15. Rad1 Bc5 16. Nxc5 bxc5 17. Qd2 h4 18. Nf1 d5 19. exd5 Nxd5 20. Bc4 Rh5 21.
Re1 Kf8 22. Ne3 Bb7 23. Ng4 Bc6 24. b3 Rd8 25. Rd1 Rd7 26. Bxd5 Rhxd5 27. Qe2
Rxd1 28. Rxd1 Rxd1 29. Qxd1 f5 30. Ne3 Qxh2 31. Qd8+ Be8 32. Qc8 Qg3+ 1/2-1/2

[Event "4NCL"]
[Site "De Vere, Staverton Park, ENG"]
[Date "2011.11.13"]
[Round "227.5"]
[White "Burton, Graham P"]
[Black "Ackley, Peter JE"]
[Result "1/2-1/2"]
[WhiteElo "2069"]
[BlackElo "2051"]
[PlyCount "37"]
[EventDate "2011.??.??"]
[WhiteTeam "3Cs 1"]
[BlackTeam "Spirit of Atticus"]

1. e4 g6 2. d4 Bg7 3. Nf3 d6 4. Be2 Nf6 5. Nc3 O-O 6. O-O Bg4 7. Be3 Nc6 8. a4
a5 9. d5 Nb4 10. Nd4 Bxe2 11. Qxe2 c6 12. dxc6 bxc6 13. Rad1 Qc7 14. f4 c5 15.
Ndb5 Qc6 16. Bf2 d5 17. Nxd5 Nbxd5 18. exd5 Nxd5 19. Qf3 1/2-1/2

[Event "4NCL"]
[Site "De Vere, Staverton Park, ENG"]
[Date "2011.11.13"]
[Round "227.6"]
[White "Connor, Stephen J"]
[Black "Horton, Jamie A"]
[Result "1/2-1/2"]
[WhiteElo "2069"]
[BlackElo "1999"]
[PlyCount "53"]
[EventDate "2011.??.??"]
[WhiteTeam "Spirit of Atticus"]
[BlackTeam "3Cs 1"]

1. e4 c5 2. Nf3 e6 3. d4 cxd4 4. Nxd4 a6 5. Bd3 Bc5 6. Nb3 Be7 7. Be3 d6 8. O-O
Nf6 9. Nc3 Qc7 10. a4 b6 11. f4 Nbd7 12. Be2 Bb7 13. Bf3 Rc8 14. Qe2 O-O 15.
Rfd1 Rfe8 16. Qf2 Nc5 17. Nxc5 bxc5 18. Rd2 Rb8 19. g4 Ba8 20. g5 Nd7 21. Rb1
Rb4 22. Be2 Qa5 23. Qf1 Reb8 24. Bc4 Nb6 25. Bxa6 Nxa4 26. Ra1 d5 27. exd5
1/2-1/2

[Event "4NCL"]
[Site "De Vere, Staverton Park, ENG"]
[Date "2011.11.13"]
[Round "228.1"]
[White "Girdlestone, Paul C"]
[Black "Cooksey, Paul S"]
[Result "1/2-1/2"]
[WhiteElo "2191"]
[BlackElo "2273"]
[PlyCount "71"]
[EventDate "2011.??.??"]
[WhiteTeam "Brown Jack"]
[BlackTeam "AMCA Dragons"]

1. e4 c5 2. b3 Nc6 3. Bb2 d6 4. Nc3 Nf6 5. Nge2 e6 6. g3 Be7 7. Bg2 a6 8. O-O
Qc7 9. d4 cxd4 10. Nxd4 Nxd4 11. Qxd4 Bd7 12. Nd1 Bc6 13. c4 O-O 14. Rc1 Rac8
15. Nc3 Qb8 16. a4 b6 17. Rfe1 Rfd8 18. Nd5 Bxd5 19. exd5 e5 20. Qe3 b5 21.
axb5 axb5 22. c5 Rxc5 23. Rxc5 dxc5 24. Bxe5 Qc8 25. d6 Bxd6 26. Bxf6 gxf6 27.
Be4 Bf8 28. Qf3 Re8 29. Kg2 Re5 30. Qxf6 Bg7 31. Qd6 c4 32. bxc4 bxc4 33. Bxh7+
Kxh7 34. Rxe5 Bxe5 35. Qxe5 c3 36. Qh5+ 1/2-1/2

[Event "4NCL"]
[Site "De Vere, Staverton Park, ENG"]
[Date "2011.11.13"]
[Round "228.2"]
[White "Webb, Richard M"]
[Black "Truran, Michael C"]
[Result "1/2-1/2"]
[WhiteElo "2265"]
[BlackElo "2195"]
[PlyCount "31"]
[EventDate "2011.??.??"]
[WhiteTeam "AMCA Dragons"]
[BlackTeam "Brown Jack"]

1. e4 c5 2. Nc3 a6 3. Nf3 d6 4. d4 cxd4 5. Nxd4 Nf6 6. Bg5 e6 7. f4 Be7 8. Qf3
Qc7 9. O-O-O Nbd7 10. g4 b5 11. Bxf6 gxf6 12. f5 Ne5 13. Qh3 O-O 14. Qh6 Kh8
15. Rg1 Rg8 16. Bd3 1/2-1/2

[Event "4NCL"]
[Site "De Vere, Staverton Park, ENG"]
[Date "2011.11.13"]
[Round "228.3"]
[White "Headlong, Timothy"]
[Black "Holland, James P"]
[Result "1/2-1/2"]
[WhiteElo "2179"]
[BlackElo "2206"]
[PlyCount "40"]
[EventDate "2011.??.??"]
[WhiteTeam "Brown Jack"]
[BlackTeam "AMCA Dragons"]

1. Nf3 d5 2. c4 e6 3. g3 c5 4. cxd5 exd5 5. d4 Nf6 6. Bg2 Be7 7. O-O O-O 8. Nc3
Nc6 9. Bg5 c4 10. Rc1 h6 11. Bxf6 Bxf6 12. e3 Be6 13. b3 Na5 14. bxc4 Nxc4 15.
Nd2 Rc8 16. Nxc4 Rxc4 17. Ne2 Qa5 18. Nf4 Rxc1 19. Qxc1 Qxa2 20. Qa1 Qxa1
1/2-1/2

[Event "4NCL"]
[Site "De Vere, Staverton Park, ENG"]
[Date "2011.11.13"]
[Round "228.4"]
[White "Tavares, Shawn P"]
[Black "Hall, Daniel J"]
[Result "0-1"]
[WhiteElo "2218"]
[BlackElo "2120"]
[PlyCount "52"]
[EventDate "2011.??.??"]
[WhiteTeam "AMCA Dragons"]
[BlackTeam "Brown Jack"]

1. e4 c5 2. Nf3 e6 3. c3 d5 4. e5 Nc6 5. d4 Qb6 6. Be2 cxd4 7. cxd4 Nge7 8. Na3
Nf5 9. Nc2 Be7 10. O-O Bd7 11. b4 a5 12. b5 Nb4 13. Na3 O-O 14. Be3 Rfc8 15.
Qd2 Rc7 16. Rfc1 Rac8 17. Rxc7 Qxc7 18. Bf4 Qc3 19. Qxc3 Rxc3 20. Bc1 Nxa2 21.
Bb2 Bxa3 22. Rxa2 Bxb2 23. Rxb2 Rc1+ 24. Bf1 a4 25. Rb4 a3 26. Ra4 Rxf1+ 0-1

[Event "4NCL"]
[Site "De Vere, Staverton Park, ENG"]
[Date "2011.11.13"]
[Round "228.5"]
[White "Haydon, Richard"]
[Black "Farrand, Tom"]
[Result "1/2-1/2"]
[WhiteElo "2173"]
[BlackElo "2265"]
[PlyCount "44"]
[EventDate "2011.??.??"]
[WhiteTeam "Brown Jack"]
[BlackTeam "AMCA Dragons"]

1. Nf3 e6 2. g3 f5 3. Bg2 Nf6 4. O-O Be7 5. b3 O-O 6. Bb2 d6 7. d4 Qe8 8. e3
Nbd7 9. Nbd2 Ne4 10. Nxe4 fxe4 11. Nd2 d5 12. f3 exf3 13. Bxf3 Bg5 14. Qe2 Qg6
15. Ba3 c5 16. c4 Qh6 17. Rae1 cxd4 18. Bxf8 Bxe3+ 19. Rf2 Nxf8 20. cxd5 exd5
21. Bxd5+ Be6 22. Bxb7 Rd8 1/2-1/2

[Event "4NCL"]
[Site "De Vere, Staverton Park, ENG"]
[Date "2011.11.13"]
[Round "228.6"]
[White "Richardson, Keith B"]
[Black "Martin, Lewis"]
[Result "1-0"]
[WhiteElo "2137"]
[BlackElo "1976"]
[PlyCount "105"]
[EventDate "2011.??.??"]
[WhiteTeam "AMCA Dragons"]
[BlackTeam "Brown Jack"]

1. c4 c6 2. Nf3 Nf6 3. b3 g6 4. Bb2 Bg7 5. e3 O-O 6. Be2 d5 7. O-O Nbd7 8. d4
Ne4 9. Nc3 Ndf6 10. Nd2 Nxc3 11. Bxc3 b6 12. Bf3 Bb7 13. Qc2 Qc7 14. e4 dxe4
15. Nxe4 Rfe8 16. Rfe1 Nd7 17. c5 Rad8 18. b4 h6 19. Rad1 f5 20. Nd2 e5 21. Nc4
exd4 22. Rxe8+ Rxe8 23. Nd6 Re7 24. Bxd4 Ba6 25. Bxg7 Kxg7 26. Qc3+ Kh7 27. Re1
Nf6 28. Bxc6 bxc5 29. bxc5 Rxe1+ 30. Qxe1 Ng8 31. Bd5 Nf6 32. Bf3 Bd3 33. Qe6
Ne4 34. Bxe4 Bxe4 35. Nxe4 fxe4 36. Qd5 Qg7 37. h3 Qe7 38. Qd4 Qb7 39. Kh2 Qc7+
40. Qd6 Qf7 41. c6 Qxf2 42. c7 Qf5 43. Qe7+ Kg8 44. Qd8+ Kg7 45. c8=Q Qe5+ 46.
Kg1 Qa1+ 47. Kf2 e3+ 48. Kxe3 Qe1+ 49. Kd4 Qd2+ 50. Kc5 Qc3+ 51. Kb5 Qe5+ 52.
Qc5 Qb2+ 53. Kc6 1-0

[Event "4NCL"]
[Site "De Vere, Staverton Park, ENG"]
[Date "2011.11.13"]
[Round "228.7"]
[White "Owens, Megan R"]
[Black "Coates, Kenneth G"]
[Result "1/2-1/2"]
[WhiteElo "1824"]
[BlackElo "2194"]
[PlyCount "89"]
[EventDate "2011.??.??"]
[WhiteTeam "Brown Jack"]
[BlackTeam "AMCA Dragons"]

1. c4 c6 2. g3 d5 3. Bg2 Nf6 4. Nf3 dxc4 5. a4 g6 6. Na3 Bg7 7. Nxc4 O-O 8. O-O
Be6 9. Qc2 Na6 10. d3 h6 11. Bd2 Qc8 12. Rfc1 Rd8 13. b4 c5 14. bxc5 Nxc5 15.
Ba5 Re8 16. Qd1 b6 17. Bxb6 Nfd7 18. Bxc5 Bxa1 19. Ba3 Bf6 20. Nd6 Qa6 21. Nxe8
Rxe8 22. Nd2 Nb6 23. Bc6 Rc8 24. Ne4 Nd5 25. Nxf6+ exf6 26. Bb5 Qb7 27. Rxc8+
Qxc8 28. Bc4 Nb6 29. Bxe6 fxe6 30. Qc1 Qxc1+ 31. Bxc1 Nxa4 32. Bxh6 Nc3 33. Kf1
Nd5 34. Bd2 g5 35. e4 Ne7 36. Ke2 Kf7 37. e5 Nc6 38. exf6 Kxf6 39. Bc3+ Kf5 40.
h3 a5 41. Kd2 a4 42. Ke3 Ne7 43. g4+ Kg6 44. Kd2 a3 45. Kc2 1/2-1/2

[Event "4NCL"]
[Site "Barcelo Hotel, Hinkley Island,"]
[Date "2012.01.14"]
[Round "65.1"]
[White "McMichael, Richard J"]
[Black "Crouch, Colin S"]
[Result "0-1"]
[WhiteElo "2266"]
[BlackElo "2374"]
[PlyCount "72"]
[EventDate "2012.??.??"]
[WhiteTeam "Kings Head"]
[BlackTeam "Pandora's Box Grantham"]

1. f4 d5 2. Nf3 g6 3. e3 Bg7 4. c3 Nh6 5. Be2 Nf5 6. O-O Nd7 7. d3 c6 8. Qe1 e5
9. g4 Nd6 10. Qg3 Qe7 11. Rf2 h5 12. h3 hxg4 13. hxg4 e4 14. Nfd2 exd3 15. Bxd3
Nc5 16. Bc2 Rh4 17. f5 Be5 18. Qf3 Nce4 19. Nxe4 dxe4 20. Qg2 Rh2 21. Qxh2
Bxh2+ 22. Rxh2 Qe5 23. Nd2 gxf5 24. Nf1 fxg4 25. Bd2 g3 26. Rg2 Bh3 27. Rxg3
Bxf1 28. Rg8+ Ke7 29. Rxa8 Bd3 30. Bxd3 Qg3+ 31. Kh1 exd3 32. Rf1 Ne4 33. Be1
Qh3+ 34. Kg1 Qxe3+ 35. Kg2 Qe2+ 36. Kg1 Qg4+ 0-1

[Event "4NCL"]
[Site "Barcelo Hotel, Hinkley Island,"]
[Date "2012.01.14"]
[Round "65.2"]
[White "Polaczek, Richard"]
[Black "Wittmann, Jochen"]
[Result "1-0"]
[WhiteElo "2377"]
[BlackElo "2216"]
[PlyCount "35"]
[EventDate "2012.??.??"]
[WhiteTeam "Pandora's Box Grantham"]
[BlackTeam "Kings Head"]

1. d4 f5 2. Nf3 d6 3. g3 Nf6 4. Bg2 g6 5. b3 Bg7 6. Bb2 O-O 7. O-O c6 8. c4 Re8
9. Nc3 Qc7 10. d5 e5 11. dxe6 Bxe6 12. Rc1 Na6 13. Ng5 Rad8 14. Nd5 Bxd5 15.
cxd5 Nc5 16. b4 h6 17. Nh3 Qb6 18. Bxf6 1-0